000 00279nam a22001217a 4500
041 _aENG
100 _aBhatt.P.S
245 _aInternational Aviation And Outer Space Law And Relations
260 _aDelhi
_bAitd
_c1998
300 _a175
650 _aGAE (15)
856 _uGAE (15)
999 _c2978
_d2978